El amigo del labrador : (Record no. 161048)

MARC details
000 -LEADER
campo de control de longitud fija 00930nam a2200205 i 4500
001 - NÚMERO DE CONTROL
campo de control 161048
003 - IDENTIFICADOR DE NÚMERO DE CONTROL
campo de control ES-MaACL
005 - FECHA Y HORA DE LA ÚLTIMA TRANSACCIÓN
campo de control 20260201140950.0
008 - DATOS DE LONGITUD FIJA--INFORMACIÓN GENERAL
campo de control de longitud fija 041007s1839 sp |||| | spa d
080 ## - NÚMERO DE LA CLASIFICACIÓN DECIMAL UNIVERSAL
Número de la Clasificación Decimal Universal 338.43(460):63
100 1# - ENTRADA PRINCIPAL--NOMBRE DE PERSONA
Nombre de persona Orense, Casimiro de.
9 (RLIN) 130682
245 13 - MENCIÓN DEL TÍTULO
Título El amigo del labrador :
Resto del título proyecto agrónomo para la pública felicidad de España /
Mención de responsabilidad, etc. por Don Casimiro de Orense.
260 ## - PUBLICACIÓN, DISTRIBUCIÓN, ETC.
Lugar de publicación, distribución, etc. Madrid :
Nombre del editor, distribuidor, etc. [s.n.],
Fecha de publicación, distribución, etc. 1839 (
Fabricante Imp. Calle del Humilladero)
300 ## - DESCRIPCIÓN FÍSICA
Extensión 22 p. ;
Dimensiones 15 cm.
530 ## - NOTA DISPONIBLE DE FORMULARIO FÍSICO ADICIONAL
Nota de formato físico adicional disponible Disponible en formato digital.
650 #4 - PUNTO DE ACCESO ADICIONAL DE MATERIA--TÉRMINO DE MATERIA
Término de materia o nombre geográfico como elemento de entrada Agricultura-
Subdivisión geográfica España-
Subdivisión cronológica S.XIX
9 (RLIN) 9682
852 4# - LOCALIZACIÓN
Ubicación ES-MaACL
Número de control de estantería T-24-F-4
Nota libre - Enc. hol., falto de cub. original
-- - Enc. en un vol. facticio
-- - Enc. entre las p. 16-17 de la obra: Estatutos y reglamento de la Academia Literaria de Santiago
856 4# - LOCALIZACIÓN Y ACCESO ELECTRÓNICOS
Identificador Uniforme de Recursos <a href="http://bdh-rd.bne.es/viewer.vm?id=0000075299&page=1 ">http://bdh-rd.bne.es/viewer.vm?id=0000075299&page=1 </a>
Nota pública Biblioteca Digital Hispánica
Holdings
Estatus retirado Estado de pérdida Estado de daño No para préstamo Colección Biblioteca de origen Biblioteca actual Ubicación en estantería Fecha de adquisición Total de préstamos Signatura topográfica completa Código de barras Visto por última vez Precio de reemplazo Tipo de ítem Koha
        Colección de folletos Biblioteca del Ateneo de Madrid Biblioteca del Ateneo de Madrid Depósito folletos 17/01/2008   T-24-F-4 1168683 23/02/2023 23/02/2023 Folleto